00614nam a2200193 a 450000500170000000800410001701500170005802000150007504000230009004100080011308200190012110000550014024500750019526000480027030000290031865000180034765000250036565000300039020160220124606.0881014s1988 ck r 00110 spa d ack-1988-xxxx a9586010295 ala cladCO-BoIAVH0 aspa04a615.532 bG64p1 aGonzález Patiño, Daniel Julián, d1909-1988.10aPlantas medicinales : bun resumen de farmacognosia / cpor H. Daniel. aBogotá : bTercer Mundo Editores, c1988. a390 páginas ; c21 cm.16aHomeopatía.26aBotánica médica.26aMateria médica vegetal.